MDQL
is popping MORE tags! Check the
thread
!
Quizzes
Events
Quiz Creation
Community
Videos
Private Events
Remove Ads
Sign In
Join for FREE
Feedback
Dark Mode
Quiz Categories
Sports
Geography
Music
Movies
Television
Just For Fun
Miscellaneous
History
Literature
Language
Science
Gaming
Entertainment
Religion
Holiday
For Kids
Quiz Lab
Recent
Popular Today
Quiz Kudos Today
Editor Picks
Curator Picks
Quizzes by...
Day
Popularity
Type
Ratings
Length
Year
Community
Subscriptions
Recent Discussions
Orange Saloon
Badges
Playlists
Quests
Create
Leaderboards
Showdown
Live 5
Trivia Bingo
Activity
Puzzle Library
Sporcle Events
Private Events
Virtual Trivia
Globe League
Become a Host
Pub Owners
SporcleCon
Opinionation
Our Games
Videos
Blog
Mobile Apps
Partnerships
Remove Ads and Go Orange
Feedback
Television
TV Characters
TV Show
Sitcom
Network
Friends
Reality Shows
Cast
South Park
Star Trek
The Simpsons
Doctor Who
Television
TV Characters
TV Show
Sitcom
Network
Friends
Reality Shows
Cast
South Park
Star Trek
The Simpsons
Doctor Who
Random Quiz
Search Sporcle
×
Quiz Lab
Quiz Lab
Television
house
Type in answers that appear in a list
Type in answers that appear in a list
Classic
Best Score? Go Orange.
House Final Diagnoses (Seasons 1-4) Stats
Can you name the final diagnoses made by House in seasons 1-4?
By
b_n
18m
84 Questions
52 Plays
52 Plays
52 Plays
Comments
Comments
Give Quiz Kudos
Give Quiz Kudos
-
- Ratings
hide this ad
More Info
Replay
Link that replays current quiz
Next Quiz
Link to next quiz in quiz playlist
You Got
0%
They Got
Avg Score
27%
Avg Friend Score
Upgrade to see
Score Distribution
Jump to the score distribution portion of the page
Score
0/84
Timer
18:00
0
Plays Today
Episode
Diagnosis
% Correct
4.8 You Don't Want to Know
Systemic lupus erythematosus
69.2%
3.12 One Day, One Room
Chlamydia
53.8%
1.18 Babies & Bathwater
Small-cell lung carcinoma
48.1%
3.6 Que Será Será
Small-cell lung carcinoma
48.1%
1.19 Kids
Thrombotic thrombocytopenic purpura
44.2%
3.14 Insensitive
Diphyllobothrium latum & Vitamin B12 deficiency
44.2%
4.7 Ugly
Lyme disease
44.2%
1.6 The Socratic Method
Wilson's disease
42.3%
1.5 Damned If You Do
Copper allergy
40.4%
1.10 Histories
Rabies
40.4%
1.13 Cursed
Leprosy
40.4%
1.21 Three Stories
Necrotizing fasciitis, Osteosarcoma & Thigh muscle infarction
40.4%
2.10 Failure to Communicate
Bipolar disorder & Cerebral malaria
40.4%
2.15 Clueless
Gold salt poisoning
40.4%
2.16 Safe
Tick paralysis
40.4%
2.18 Sleeping Dogs Lie
Bubonic plague
40.4%
3.22 Resignation
Infection due to Attempted suicide
40.4%
4.10 It's a Wonderful Lie
Breast cancer
40.4%
2.2 Autopsy
Cerebral thrombosis
38.5%
1.16 Heavy
Cushing's disease
36.5%
2.13 Skin Deep
Testicular cancer & Androgen insensitivity syndrome
36.5%
3.13 Needle in a Haystack
Undigested toothpick
36.5%
4.9 Games
Measles
36.5%
2.20/
21 Euphoria
Primary amoebic meningoencephalitis
34.6%
3.24 Human Error
Infected third ostium due to Congenital heart defect
34.6%
1.4 Maternity
Echovirus 11
32.7%
1.7 Fidelity
African trypanosomiasis
32.7%
2.6 Spin
Thymoma & Myasthenia gravis
32.7%
Episode
Diagnosis
% Correct
3.1 Meaning
Scurvy or Addison's Disease
32.7%
3.18 Airborne
Methyl bromide poisoning or Decompression sickness
32.7%
4.11 Frozen
Fat embolism
32.7%
1.12 Sports Medicine
Cadmium poisoning
30.8%
1.14 Control
Congestive heart failure
30.8%
2.5 Daddy's Boy
Cavernous angioma & Acute radiation syndrome
30.8%
4.15 House's Head
Air embolism
28.8%
1.3 Occam's Razor
Colchicine poisoning
26.9%
1.22 Honeymoon
Acute intermittent porphyria
26.9%
2.3 Humpty Dumpty
Psittacosis
26.9%
2.22 Forever
Vitamin K deficiency & Pellagra caused by Celiac disease
26.9%
3.2 Cane & Able
Chimerism
26.9%
3.19 Act Your Age
Precocious puberty
26.9%
3.20 House Training
Staphylococcus aureus infection
26.9%
1.2 Paternity
Subacute sclerosing panencephalitis
25%
1.9 DNR
Arteriovenous malformation
25%
1.17 Role Model
Common variable immunodeficiency & Epstein-Barr virus
25%
2.12 Distractions
Serotonin syndrome
25%
2.14 Sex Kills
Brucellosis
25%
2.23 Who's Your Daddy?
Zygomycosis
25%
3.5 Fools for Love
Hereditary Angioedema
25%
4.16 Wilson's Heart
Amantadine poisoning
25%
1.1 Pilot
Neurocysticercosis
23.1%
1.8 Poison
Organophosphate poisoning
23.1%
2.19 House vs. God
Tuberous sclerosis & Herpes encephalitis
23.1%
3.3 Informed Consent
Senile cardiac amyloidosis
23.1%
3.7 Son of Coma Guy
MERRF syndrome
23.1%
3.9 Finding Judas
Erythropoietic protoporphyria
23.1%
Episode
Diagnosis
% Correct
3.15 Half-
Wit
Takayasu's arteritis
23.1%
3.23 The Jerk
Haemochromatosis
23.1%
4.4 Guardian Angels
Ergotism
23.1%
4.14 Living the Dream
Quinine allergy
23.1%
1.11 Detox
Napthalene poisoning
21.2%
1.20 Love Hurts
Osteomyelitis
21.2%
2.8 The Mistake
Behcet's disease, then Hepatocellular carcinoma
21.2%
2.9 Deception
Clostridium perfringens infection & Münchausen syndrome
21.2%
3.17 Fetal Position
Mirror syndrome or Congenital cystic adenomatoid malformation
21.2%
4.13 No More Mr. Nice Guy
Chagas disease
21.2%
4.1 Alone
Cephalosporin allergy
21.1%
2.1 Acceptance
Methanol poisoning & Pheochromocytoma
19.2%
2.4 TB or Not TB
Nesidioblastoma
19.2%
4.3 97 Seconds
Strongyloidiasis
19.2%
1.15 Mob Rules
Ornithine transcarbamylase deficiency
17.3%
4.6 Whatever It Takes
Heat stroke or Selenosis
17.3%
4.12 Don't Ever Change
Nephroptosis
17.3%
2.7 Hunting
Echinococcosis
15.4%
2.17 All In
Erdheim-Chester disease
15.4%
3.21 Family
Histoplasmosis
15.4%
2.11 Need to Know
Hepatocellular adenoma
13.5%
4.5 Mirror Mirror
Eperythrozoon infection
11.5%
3.4 Lines in the Sand
Baylisascaris
9.6%
3.10 Merry Little Christmas
Langerhans cell histiocytosis
9.6%
3.8 Whac-
A-
Mole
Chronic granulomatous disease
7.7%
3.11 Words and Deeds
Spinal meningioma
7.7%
3.16 Top Secret
Hereditary hemorrhagic telangiectasia
3.8%
4.2 The Right Stuff
Von Hippel–Lindau disease
3.8%
Quiz Playlist
Details
Report
Send in Message
Add To Playlist
More Info:
Episodes not included: 2.24 No Reason (hallucination by House), 4.1 Alone (patient misidentification)
Classic:
Type in answers that appear in a list
Quiz Source
Last Updated: Mar 19, 2017
Quiz Scoreboard
CHALLENGE
Sign Up to Join the Scoreboard
Show All
Scores
Hide
Comments
May contain spoilers
Recently Published
Two Season TV Shows II
by 123Four
Television
10m
Image Sorting: Flags VI
by Barbecue
Geography
2m
Find the 'City' Movie
by crazypaving
Movies
60s
More to Explore
Quiz From the Vault
Featured Blog Post
14 Easter Pick-up Lines to Find Eggs With
hide this ad
You Might Also Like...
Tags
1-4
diagnose
diagnosis
episode
final
house
season
Today's Top Quizzes in Television
Browse Television
hide this ad
Today's Top Quizzes in house
Browse house
Top Contributed Quizzes in Television
1
Survivor Journey Challenge
2
Brooklyn Nine Nine Logic Puzzle (How-To-Play)
3
Adjectives in 00s TV Shows
4
Total Drama Characters
5
Survivor Logic Puzzle: Heroes vs. Villains
6
Phoebe Buffay Quotes
7
Survivor Heroes vs. Villains Logic Puzzle
8
Survivor Trivia
9
Emmerdale Characters (from August 2012)
10
Adjectives in 10s TV Shows
Explore More
Trending Topics
Disney
NBA
Crossword
Harry Potter
Kpop
Marvel
Anime
Puzzle
Country
NFL
The Office
Pokémon
WWE
Song
Soccer
hide this ad
More By:
b_n
Quiz
Plays
Rating
Category
Featured
Created
150 Classic Rock Bands
232,555
4.56
Music
Mar 28, 2012
300 Indie/Alternative Bands
10,073
4.38
Music
Mar 10, 2012
Skyrim Ingredients
7,344
4.79
Gaming
Feb 7, 2012
Empire's 500 Greatest Films 1-100
6,121
3.95
Movies
Nov 30, 2009
300 TV Shows by Characters
4,815
4.59
Television
Nov 22, 2012
Go to Creator's Profile
Score Distribution
Quiz Creator Spotlight
b_n
Follow
Send a Message
Quizzes Created
-
Created Quiz Play Count
-
More By This Creator
Popular Quizzes Today
1
Colored Red Africa Blitz
2
Find the US States - No Outlines Minefield
3
Find the 'City' Movie
4
5x2 Blitz: Bands
5
The Countries of the World
6
Find the US States
7
Find the Countries of Europe - No Outlines Minefield
8
US States
More Television Quizzes
TV in Music
Editor's Pick
Trending Quizzes
Colored Red Europe Blitz I
Colored Red Africa Blitz II
Colored Red Europe Blitz II
Colored Red Africa Blitz III
Colored Red Europe Blitz III
Recently Updated
How Do You Spell That?
pecheneg
Godzilla Movies
pecheneg
Grab Bag: 4-10 Letters
pecheneg
2024 March Madness Bracket
pecheneg
Famous TV Couples
Peacemaker
Champions League XIs: Real Madrid
pecheneg
Largest US Cities 1790-2010
pecheneg
Rides in Walt Disney World
pecheneg
Most Oscar Losses (Acting)
pecheneg
Beyoncé Albums
pecheneg
Trending Topics
Marvel
Kpop
NBA
Harry Potter
Crossword
Anime
Disney
Puzzle
Pokémon
Soccer
NFL
Country
Song
The Office
WWE
Your Account Isn't Verified!
In order to create a playlist on Sporcle, you need to verify the email address you used during registration. Go to your
Sporcle Settings
to finish the process.
Report this User
Report this user for behavior that violates our
Community Guidelines
.
Details:
Send Report
Go to the Sporcle.com Mobile Site →
Comments